Responses for Show #4883 - Wednesday, November 30, 2005

Vik Vaz game 3.

Contestants

[<< previous game]

Liz Lackey, a student from Wayne, New Jersey

Josh Danson, a marketing communications consultant from San Francisco, California

Vik Vaz, a medical student from Austin, Texas (whose 2-day cash winnings total $51,201)

[next game >>]

Jeopardy! Round responses

CUBAN HISTORY
WOMEN IN SONG
-OLOGY WHIZ
MATTERS OF THE ART
SECRETS OF THE CIA
(Alex: That's the Culinary Institute of America.)
ENDS IN "G"
    $200 1
Castro

Liz
    $200 2
(Alex: [*], ma belle, yes.)

Michelle

Liz
    $200 30
geology

Josh
    $200 28
(Salvador) Dalí

Liz
    $200 25
pizza

Vik
    $200 7
a slug

Josh
    $400 8
(Alex: That's right, the 1500s, good.)

the 16th century

Josh
    $400 3
Sweet Caroline

Liz
    $400 29
psychology

Josh
    $400 27
Frida Kahlo

Vik
    $400 18
broth

Liz
    $400 12
Beijing

Josh
    $600 9
Hemingway

Vik
    $600 4
Mandy

Liz
    $600 20
(Alex: [*], analysis of writing.)

graphology

Triple Stumper
    $600 22
(Georges) Seurat

Vik
    $600 13
(Vik: Oof... what is Iron Chef?)

The Restaurant

VikJosh
    $600 15
a mug

Triple Stumper
    $800 10
(Boss) Tweed

Vik
    $800 5
Delilah

Liz
    $800 21
(Josh: What is biotech--biology?)

biotech(nology)

Josh
    $800 23
(Jacques-Louis) David

Vik
    $800 14
(Liz: What are tortes?)

tarts

VikLiz
    $800 16
a crag

Josh
    $1000 11
1961

Vik
    $1000 6
Veronica

Triple Stumper
    $2,000 26
miracles

Vik
    $1000 24
the Pre-Raphaelite Brotherhood

Josh
    $1000 17
(Vik: What is Entrée?)
(Josh: What is Event?)
...
(Alex: It's not called "The Main Course," it's called "The Main [*]." [*].)

Corpse

VikJosh
Triple Stumper
    $1000 19
gulag

Vik

Scores at the first commercial break (after clue 15):

Vik Josh Liz
$2,600 $1,600 $1,400

Scores at the end of the Jeopardy! Round:

Vik Josh Liz
$6,600 $3,800 $2,000

Double Jeopardy! Round responses

EUROPEAN CITIES
WHAT A (TV) CHARACTER!
GOVERNMENT & POLITICS
MUSICAL COMPOSITIONS
STAR LIGHT, STAR BRIGHT
"CAN" OPENER
    $400 8
Florence

Josh
    $400 7
(Dana) Scully

Vik
    $400 3
Pennsylvania

Liz
    $400 1
a symphony

Liz
    $400 26
Taurus

Josh
    $400 21
Canterbury

Josh
    $800 9
Cologne

Vik
    $800 14
Captain Nelson

Triple Stumper
    $800 13
(Daniel) Webster

Liz
    $800 2
(Liz: What's a divertimento?)
(Vik: What is a concerto?)

a (string) quartet

VikJoshLiz
    $800 27
Pollux

Vik
    $800 22
a canal

Josh
    $1200 10
Lisbon

Vik
    $1200 15
(Liz: Who are Darryl, Darryl & Darryl?)
...
(Alex: Only two Darryls.)

Larry, Darryl & Darryl

JoshLiz
    $1200 16
(Josh: Uh, who is, uh...)

(Joe) Lieberman

JoshLiz
    $2,000 4
a mass

Liz
    $1200 28
Sirius

Josh
    $1200 23
Cannery Row

Vik
    $1600 11
Nice

Vik
    $1600 17
Dr. Bombay

Triple Stumper
    $1600 19
Mel Martinez

Josh
    $1600 5
a sonata

Liz
    $1,000 29
(Josh: What is a yellow dwarf?)

the Sun

Josh
    $1600 24
cantilever

Vik
    $2000 12
Aberdeen

Triple Stumper
    $2000 18
Les Nessman

Josh
    $2000 20
Roger Brooke Taney

Vik
    $2000 6
Johann Sebastian Bach

Liz
    $2000 30
Betelgeuse

Triple Stumper
    $2000 25
Candide

Liz

Scores at the end of the Double Jeopardy! Round:

Vik Josh Liz
$15,400 $10,400 $10,400

[wagering suggestions for these scores]

Final Jeopardy! Round responses

IN THE ENCYCLOPEDIA BRITANNICA
(Alex: Among others, my children are extremely happy he came up with this invention.)
[Josh chuckles, shaking his head]
JoshWhat is Zyclon B
$10,399
LizWhat is the...?
$5,001
VikWhat is the television? (article on Zworykin)
$5,401
television

Final scores:

Vik Josh Liz
$20,801 $1 $5,399
3-day champion: $72,002 3rd place: $1,000 2nd place: $2,000

Game dynamics:

Coryat scores:

Vik Josh Liz
$14,400 $11,400 $9,600
18 R
(including 1 DD),
3 W
18 R,
3 W
(including 1 DD)
15 R
(including 1 DD),
3 W

Combined Coryat: $35,400

[game clues] [game scores] [suggest correction]

Game tape date: 2005-09-13
The J! Archive is created by fans, for fans. Scraping, republication, monetization, and malicious use prohibited; this site may use cookies and collect identifying information. See terms. The Jeopardy! game show and all elements thereof, including but not limited to copyright and trademark thereto, are the property of Jeopardy Productions, Inc. and are protected under law. This website is not affiliated with, sponsored by, or operated by Jeopardy Productions, Inc. Join the discussion at JBoard.tv.